000 00560nam a2200217Ia 4500
008 101110s9999 xx 000 0 und d
041 _aENGLISH
082 _bSR28648
100 _aChaube Ramesh Saini, Kalpana (Ed.)
245 _aStatus of women in rural societies
260 _c2002
_bGyan Books, Mumbai
300 _a230
365 _b590
520 _aHistory
546 _aENGLISH
630 _aStatus of women in rural societies
650 _aHistory
655 _aHistory
730 _aStatus of women in rural societies
942 _cBOOK
999 _c821177
_d821174